000 02112nam0a2200457 4500
001 RU\NLR\bibl\1130017
005 20250615071020.0
010 _a978-5-89349-656-7
_bФлинта
010 _a978-5-89502-676-2
_bМПСИ
_93000
021 _aRU
_b2007-52384
_92777
035 _aRSL-KNO-002463202
035 _a(NLR Aleph) 001116938
090 _a1273647
_c1273647
100 _a20070918d2007 |||y0rusy50 ca
101 0 _arus
102 _aRU
105 _aa |||||||||
200 1 _aВведение в психогенетику
_eучебное пособие
_fЛ.А. Атраментова, О.В. Филипцова
205 _a2-е изд., испр.
210 _aМосква
_cФлинта
_cМосковский психолого-социальный институт
_d2007
215 _a470, [1] с.
_cил., портр.
_d21
320 _aБиблиогр.: с. 442-741
606 0 _aНаследственность
_jУчебные издания для высших учебных заведений
_9930489
_3RU\NLR\auth\6623965
606 0 _aПсихогенетика
_jУчебные издания для высших учебных заведений
_92098542
_3RU\NLR\auth\661269470
610 0 _aБиологические науки -- Антропология -- Генетика человека -- Учебник для высшей школы
610 0 _aПсихология -- Развитие психики. Генетическая психология -- Учебник для высшей школы
610 0 _aпсихогенетика
686 _aЕ74я73-1
_2rubbk
686 _aЮ92я73-1
_2rubbk
686 _aЕ041я73
686 _aЮ92-201я73
686 _aР64-14я73
700 1 _aАтраментова
_bЛ. А.
_gЛюбовь Алексеевна
_4070
701 1 _aФилипцова
_bО. В.
_gОльга Владимировна
_4070
801 0 _aRU
_bRuMoRKP
_c20040826
_grcr
801 1 _aRU
_bRuMoRGB
_c20040826
801 2 _aRU
_bNLR
_c20050302
_gPSBO
830 _aпо кн
942 _cBOOK
980 _aNB